000 00686nam a22002412 4500
001 0000001649
005 20170406113616.0
008 140123s xx 000 0 eng d
020 _a0137588488 :
_c$
040 _aYour Holding Symbol
_cYour Holding Symbol
100 1 _aHine, Darlene Clark.
245 1 4 _aThe African American Odyssey.
250 _a ed.
260 _aNew Jersey.
300 _aVarious pagings p. ;
_c cm.
504 _aIncludes bibliographies and index.
591 _a2008
_bDonation
650 0 _aAfro-Americans.
650 0 _aAfro-Americans
_xHistory.
700 1 0 _aHine, William C.
700 1 0 _aHarrold, Stanley.
908 _a140123
999 _c1561
_d1561